01000 2200349 4500001002100000005001500021035002000036007000300056008004100059040001700100100002000117245010700137250000900244300003600253504003100289020002200320041000800342082001100350084001700361090002100378260003200399650001500431700002600446850001000472990002400482990002400506990002400530990002400554990002400578990002400602990002400626INLIS00000000000278120260531121737 a0010-0720000064ta260531 0  aSBPUPADbind0 aAndi Parellangi1 aHome Care Nursing :bAplikasi Praktik Berbasis Evidence-Based /cAndi Parellangi;editor, Erang Risanto aEd.1 aviii 263 hlm. :bilus. ;c23 cm aDaftar Pustaka hlm 265-276 a978-979-29-6636-71 aind a362.14 a362.14 AND h a362.14 AND h 3-3 a--Yogyakarta :bAndi,c2018 4aPendidikan0 aeditor, Erang Risanto aPUPAD a34.674/DAK/DPK/2019 a34.676/DAK/DPK/2019 a34.673/DAK/DPK/2019 a34.675/DAK/DPK/2019 a34.675/DAK/DPK/2019 a34.673/DAK/DPK/2019 a34.674/DAK/DPK/2019